Tile quiz: countries by photo (2) - Statistics

General Stats
  • This quiz has been taken 21 times
  • The average score is 27 of 45
Answer Stats
Question Tile Select % Correct
USA No
100%
USA No
90%
Mexico No
90%
USA No
85%
Mexico No
85%
China No
85%
China No
85%
USA Yes
80%
Mexico Yes
80%
Pakistan No
80%
Pakistan No
80%
Indonesia No
80%
USA Yes
75%
Mexico No
75%
Indonesia No
75%
Indonesia No
75%
China No
70%
China Yes
70%
China No
70%
Pakistan No
70%
Pakistan Yes
70%
Mexico Yes
65%
China Yes
65%
Indonesia Yes
65%
Indonesia Yes
65%
Pakistan Yes
60%
USA No
55%
Indonesia Yes
55%
Indonesia Yes
50%
USA Yes
45%
Mexico Yes
45%
Mexico Yes
45%
China Yes
45%
China Yes
45%
USA Yes
40%
Pakistan Yes
40%
Pakistan Yes
40%
Indonesia Yes
40%
USA Yes
35%
Mexico Yes
35%
Indonesia Yes
35%
Pakistan No
30%
Mexico Yes
25%
Pakistan Yes
20%
China No
10%
No matching quizzes found
Score Distribution
Percent of People with Each Score
Percentile by Number Answered
Your Score History
You have not taken this quiz